Discover wine tourism : Barcelona is much more Barcelona is much more
Descripción Física:
23 pàgines : il·lustracions ; 24 cm
Materias:
Enoturisme -- Guies -- Barcelona (Província)
; Barcelona (Catalunya : Província) -- Descripcions i viatges
Idioma:
English
MARC
| LEADER | 00000nam a2200000 a 4500 | ||
|---|---|---|---|
| 001 | 25624 | ||
| 008 | 220525b spa||||| |||| 00| 0 eng d | ||
| 017 | |a DL B 12742-2017 | ||
| 080 | |a FU-69-69 | ||
| 245 | |a Discover wine tourism : |b Barcelona is much more | ||
| 260 | |a Barcelona : |b Diputació de Barcelona, |c 2017 | ||
| 300 | |a 23 pàgines : |b il·lustracions ; |c 24 cm | ||
| 650 | 0 | |a Enoturisme |v Guies |z Barcelona (Província) | |
| 651 | 0 | |a Barcelona (Catalunya : Província) |x Descripcions i viatges |9 52924 | |
| 710 | 1 | |a Barcelona (Catalunya : Província). |b Diputació |9 52408 | |
| 710 | 2 | |9 51685 |a Barcelona is Much more |e Marca turística | |
| 901 | |a Arxiu | ||
| 942 | |n 1 |2 udc |c ARXIU | ||
| 952 | |0 0 |1 0 |4 0 |6 FU6969 |7 1 |9 62025 |a Arxiu |b Arxiu |d 2022-05-25 |l 0 |o FU-69-69 |p 25624 |r 2022-05-25 00:00:00 |w 2022-05-25 |y ARXIU | ||
| 999 | |c 81741 |d 81741 | ||